| 000 | 00635nam a2200181Ia 4500 | ||
|---|---|---|---|
| 008 | 151018s9999 xx 000 0 und d | ||
| 082 |
_bRBASDV27917 _a891.464 |
||
| 100 | _aभीमराव कुलकर्णी | ||
| 245 | _aखेकडे आणि खेकडी | ||
| 250 | _b1 | ||
| 260 |
_bसुरेश एजन्सी पुणे _c1987 |
||
| 300 | _a150 | ||
| 600 | _aभीमराव कुलकर्णी | ||
| 630 | _aखेकडे आणि खेकडी | ||
| 700 | _aभीमराव कुलकर्णी | ||
| 730 | _aखेकडे आणि खेकडी | ||
| 942 | _cBOOK | ||
| 999 |
_c1027504 _d1027501 |
||